000
00256nam a2200121Ia 4500
008
190216s9999||||xx |||||||||||||| ||und||
100
_a
Akkitham
245
0
_a
Sancharikal
260
_b
Current Books
300
_a
89p
650
_a
Kavithkal
942
_c
BK
999
_c
23625
_d
23625